00629nam a2200217Ia 4500008004100000020001800041050001800059050001400077100002700091245003700118245006000155250001600215260001600231260002200247260000900269300001600278300002000294300001100314500005100325650003500376180523s9999 xx 000 0 und d a0-324-22718-3 aMAIN HF 5679  b.G45 2005 aGelinas, Ulric J., Jr. 0aAccounting information systems / 0cUlric J. Gelinas, Jr, Steve G. Sutton, James E. Hunton. a6th Edition aSingapore : bThomson Learning, c2005 a637 pages : billustrations ; c25 cm. aIncludes bibliographical references and index. aAccounting -- Data processing.